Quels sont les stades de ces clubs de football ? - Statistiques

Statistiques générales
  • Ce quiz a été pris 81 fois
  • Le résultat moyen est 12 sur 19
Statistiques - réponses
Club Stade % Correct
Barcelone Camp nou
99%
Olympique de Marseille Orange Velodrome
99%
Bayern Munich Allianz Arena
96%
Paris Saint Germain Parc des princes
88%
AC Milan San Siro
84%
Real Madrid Bernabeu
79%
Liverpool Anfield
77%
Manchester United Old Trafford
73%
Olympique lyonnais Groupama Stadium
71%
Chelsea Stamford Bridge
68%
OGC Nice Allianz Riviera
67%
Arsenal Emirates Stadium
60%
Manchester City Etihad Stadium
52%
Dortmund Signal Iduna Park
52%
Atletico Madrid Metropolitano
41%
Newcastle St James' Park
37%
Napoli Stadio Diego Armando Maradona
29%
Juventus Allianz Stadium
26%
AS Roma Stadio Olimpico de Rome
4%
Aucun quiz correspondant
Distribution des résultats
% des personnes avec chaque résultat
Percentile par nombre de réponses
Votre historique - résultats
Vous n’avez pas pris ce quiz